000 01070nam a22002177a 4500
999 _c62069
_d62069
005 20240702151334.0
008 240702s2024 en ||||| |||| 00| 0 eng d
020 _a9781032100272X
041 _aeng
080 _a174.2 The-44
245 _aThe handbook of teaching qualitative and mixed research methods :
_b a step-by-step guide for instructors /
_cEditor: Alissa Ruth; Amber Wutich; H. Russell Bernard
264 _aLondon:
_bRoutledge,
_c2024.
300 _axxii, 350 pages ;
_b 26 cm.
653 _aThis handbook provides a complete classroom guide for instructors teaching qualitative and mixed methods. Experts from across the social sciences present 70 methods for teaching qualitative and mixed methods research with step by step guides.
653 _aეთიკა
653 _aპედაგოგიკა
700 _a Ruth, Alissa
_eრედაქტორი
_922659
700 _a Wutich, Amber
_eრედაქტორი
_922660
700 _a Bernard, H. Russell
_eრედაქტორი
_922661
942 _2udc
_cᲬᲘᲒᲜᲘ